[Event "Helsingor Xtracon op"]
[Site "Helsingor"]
[Date "2019.07.27"]
[Round "9"]
[White "Saltvedt, Martin"]
[Black "Fossan, Aleksander"]
[Result "1/2-1/2"]
[WhiteElo "1984"]
[BlackElo "2155"]
[PlyCount "43"]
[EventDate "2019.07.20"]
[EventType "swiss"]
[EventRounds "10"]
[EventCountry "DEN"]
[SourceTitle "CBM 191 Extra"]
[Source "ChessBase"]
[SourceDate "2019.09.30"]
[SourceVersion "1"]
[SourceVersionDate "2019.09.30"]
[SourceQuality "1"]

1. e4 c5 2. Nf3 Nc6 3. d4 cxd4 4. Nxd4 g6 5. c4 Bg7 6. Be3 d6 7. Nc3 Nf6 8. Be2 0-0 9. Qd2 Bd7 10. f3 Nxd4 11. Bxd4 a5 12. Kf2 Bc6 13. Rhd1 Nd7 14. Bxg7 Kxg7 15. Qd4+ Kg8 16. Rac1 Qb6 17. Qxb6 Nxb6 18. Nd5 Bxd5 19. cxd5 Rfc8 20. Bb5 Rxc1 21. Rxc1 Rc8 22. Rxc8+ 1/2-1/2

[Event "Copenhagen Challenge"]
[Site "Ballerup"]
[Date "2019.05.17"]
[Round "5"]
[White "Saltvedt, Martin"]
[Black "Rishovd, Svein"]
[Result "0-1"]
[WhiteElo "2018"]
[BlackElo "2105"]
[PlyCount "142"]
[EventDate "2019.05.15"]
[EventType "swiss"]
[EventRounds "9"]
[EventCountry "DEN"]
[SourceTitle "CBM 190 Extra"]
[Source "ChessBase"]
[SourceDate "2019.07.15"]
[SourceVersion "1"]
[SourceVersionDate "2019.07.15"]
[SourceQuality "1"]

1. d4 d5 2. Bf4 c5 3. c3 Nc6 4. e3 Nf6 5. Nd2 cxd4 6. exd4 Bf5 7. Ngf3 e6 8. Bb5 a6 9. Ba4 b5 10. Bc2 Bxc2 11. Qxc2 Be7 12. 0-0 Nh5 13. Be3 0-0 14. Ne5 Nxe5 15. dxe5 g6 16. f4 f5 17. Nb3 Qc7 18. Qf2 Rfc8 19. Rac1 Ng7 20. Kh1 Rab8 21. Rg1 a5 22. Nd4 Qd7 23. Qe2 b4 24. cxb4 axb4 25. Rc2 Rxc2 26. Qxc2 Rc8 27. Qb3 Rc4 28. Rc1 Qc8 29. Qd1 Bc5 30. b3 Bxd4 31. Rxc4 dxc4 32. Qxd4 cxb3 33. axb3 Qc3 34. Qxc3 bxc3 35. Kg1 Kf7 36. Kf2 Ke8 37. Ke2 Kd7 38. Kd3 c2 39. Kxc2 Kc6 40. Kd3 Ne8 41. Ke2 Nc7 42. Kf3 Kd5 43. Bb6 Nb5 44. g4 Nc3 45. gxf5 gxf5 46. Be3 Nb5 47. Kg3 Ke4 48. Bc5 Nc3 49. b4 Ne2+ 50. Kh4 Nxf4 51. Bd6 Ng6+ 52. Kg5 Nxe5 53. Kf6 Nc4 54. Bc5 Kd5 55. Bf2 Ne5 56. Bg3 Nd3 57. b5 f4 58. Bxf4 Nxf4 59. b6 Kc6 60. Ke5 Kxb6 61. Kxf4 Kc6 62. Ke5 Kd7 63. Kf6 Kd6 64. h4 e5 65. h5 e4 66. h6 e3 67. Kg7 e2 68. Kxh7 e1Q 69. Kg7 Qg3+ 70. Kh8 Qe5+ 71. Kg8 Qg5+ 0-1

[Event "Copenhagen Challenge"]
[Site "Ballerup"]
[Date "2019.05.16"]
[Round "2"]
[White "Hald Falkesgaard, Jeppe"]
[Black "Saltvedt, Martin"]
[Result "1-0"]
[WhiteElo "1878"]
[BlackElo "2018"]
[PlyCount "69"]
[EventDate "2019.05.15"]
[EventType "swiss"]
[EventRounds "9"]
[EventCountry "DEN"]
[SourceTitle "CBM 190 Extra"]
[Source "ChessBase"]
[SourceDate "2019.07.15"]
[SourceVersion "1"]
[SourceVersionDate "2019.07.15"]
[SourceQuality "1"]

1. c4 b6 2. Nc3 Bb7 3. Nf3 Nf6 4. d4 e6 5. Bg5 Be7 6. e3 0-0 7. Bd3 c5 8. 0-0 h6 9. Bh4 cxd4 10. exd4 d5 11. cxd5 Nxd5 12. Bxe7 Nxe7 13. Re1 Nbc6 14. Be4 Qd6 15. d5 exd5 16. Nxd5 Nxd5 17. Bxd5 Rad8 18. Bb3 Qf6 19. Qe2 Na5 20. Ne5 Nxb3 21. axb3 a6 22. Qc2 Qg5 23. g3 Rd2 24. Qc3 Qd8 25. Nc6 Bxc6 26. Qxc6 Qd4 27. Qf3 a5 28. Re4 Qc5 29. Rae1 Rxb2 30. Re8 Rc2 31. R1e7 Rc1+ 32. Kg2 f6 33. Qg4 Qc6+ 34. Kh3 g5 35. Qf5 1-0

[Event "Kragero op"]
[Site "Kragero"]
[Date "2019.02.20"]
[Round "1"]
[White "Saltvedt, Martin"]
[Black "Notkevich, Benjamin Arvola"]
[Result "0-1"]
[WhiteElo "2095"]
[BlackElo "2498"]
[PlyCount "54"]
[EventDate "2019.02.20"]
[EventType "swiss"]
[EventRounds "9"]
[EventCountry "NOR"]
[SourceTitle "CBM 189 Extra"]
[Source "ChessBase"]
[SourceDate "2019.06.03"]
[SourceVersion "1"]
[SourceVersionDate "2019.06.03"]
[SourceQuality "1"]

1. d4 f5 2. Bg5 g6 3. Nc3 d5 4. h4 Bg7 5. e3 c5 6. Bb5+ Bd7 7. Bxd7+ Qxd7 8. Qf3 e6 9. 0-0-0 Nc6 10. Nge2 Nf6 11. Bxf6 Bxf6 12. g4 0-0-0 13. dxc5 Ne5 14. Qg3 Nxg4 15. Nd4 Be5 16. f4 Bf6 17. Ncb5 Kb8 18. Rd3 Rc8 19. b4 a5 20. Nd6 axb4 21. Nxc8 Rxc8 22. Rb3 Rxc5 23. Rxb4 Qc8 24. Rb2 Rc3 25. Rd1 Nxe3 26. Qf2 Nxd1 27. Kxd1 Qc5 0-1

[Event "Lisbon Portugal op"]
[Site "Lisbon"]
[Date "2019.02.03"]
[Round "2"]
[White "Shailesh, Dravid"]
[Black "Saltvedt, Martin"]
[Result "1-0"]
[WhiteElo "2324"]
[BlackElo "2095"]
[PlyCount "59"]
[EventDate "2019.02.02"]
[EventType "swiss"]
[EventRounds "9"]
[EventCountry "POR"]
[SourceTitle "CBM 188 Extra"]
[Source "ChessBase"]
[SourceDate "2019.02.26"]
[SourceVersion "1"]
[SourceVersionDate "2019.02.26"]
[SourceQuality "1"]

1. e4 c6 2. d4 d5 3. e5 Bf5 4. Nc3 e6 5. g4 Bg6 6. Nge2 Nd7 7. h4 h6 8. Nf4 Bh7 9. Be3 c5 10. dxc5 Nxe5 11. Bb5+ Nc6 12. Qe2 Nge7 13. 0-0-0 Qa5 14. Rd2 a6 15. Ba4 Rd8 16. Rhd1 Ng6 17. Nxg6 Bxg6 18. h5 Bh7 19. Rxd5 Be7 20. Rxd8+ Bxd8 21. Qf3 0-0 22. Bxc6 bxc6 23. Qxc6 Bf6 24. Bd4 Bg5+ 25. Kb1 Rb8 26. Be5 Rd8 27. Rxd8+ Qxd8 28. Qd6 Qa8 29. c6 a5 30. Qb8+ 1-0

[Event "NOR-ch U20"]
[Site "Stavanger"]
[Date "2017.07.04"]
[Round "5"]
[White "Saltvedt, Martin"]
[Black "Vestby Ellingsen, Mads"]
[Result "1/2-1/2"]
[WhiteElo "2046"]
[BlackElo "2175"]
[PlyCount "72"]
[EventDate "2017.07.01"]
[EventType "swiss"]
[EventRounds "9"]
[EventCountry "NOR"]
[SourceTitle "EXT 2018"]
[Source "ChessBase"]
[SourceDate "2017.10.13"]
[SourceVersion "1"]
[SourceVersionDate "2017.10.13"]
[SourceQuality "1"]

1. Nf3 Nf6 2. c4 g6 3. d4 Bg7 4. Nc3 d5 5. Bf4 0-0 6. e3 c6 7. Be2 dxc4 8. Bxc4 b5 9. Be2 Bb7 10. 0-0 Nbd7 11. b4 a5 12. a3 Qb6 13. Qb3 a4 14. Qc2 Nd5 15. Nxd5 cxd5 16. Qd3 Ba6 17. Rac1 Rac8 18. Qd2 Qb7 19. Rxc8 Rxc8 20. Rc1 Rc6 21. Ne1 Qc8 22. Rxc6 Qxc6 23. Nd3 Nb6 24. Nc5 Nc4 25. Qc3 e6 26. f3 Bf6 27. Bd1 h5 28. h3 Be7 29. Bc2 Bc8 30. g4 hxg4 31. hxg4 Bd6 32. Bg5 Qc7 33. Kg2 Be7 34. Bf4 Bd6 35. Bg5 Be7 36. Bf4 Bd6 1/2-1/2

[Event "Nordic-ch U20"]
[Site "Drammen"]
[Date "2017.02.19"]
[Round "5"]
[White "Saltvedt, Martin"]
[Black "Nielsen, Hogni Egilstoft"]
[Result "1/2-1/2"]
[WhiteElo "2056"]
[BlackElo "2324"]
[PlyCount "67"]
[EventDate "2017.02.17"]
[EventType "swiss"]
[EventRounds "6"]
[EventCountry "NOR"]
[SourceTitle "CBM 176 Extra"]
[Source "ChessBase"]
[SourceDate "2017.03.02"]
[SourceVersion "1"]
[SourceVersionDate "2017.03.02"]
[SourceQuality "1"]

1. d4 e6 2. Nf3 b6 3. c4 Bb7 4. Nc3 Nf6 5. Bf4 Be7 6. e3 0-0 7. Bd3 d5 8. cxd5 exd5 9. Qc2 c5 10. 0-0 Nc6 11. a3 h6 12. Rfd1 cxd4 13. exd4 Bd6 14. Bxd6 Qxd6 15. Rac1 Rfe8 16. Nb5 Qf4 17. Qd2 Qxd2 18. Rxd2 Na5 19. Rdd1 Re7 20. Nd6 Rd8 21. Nxb7 Nxb7 22. Ne5 Ra8 23. Rc2 Nd8 24. Nc6 Nxc6 25. Rxc6 Rae8 26. g3 Re1+ 27. Rxe1 Rxe1+ 28. Kg2 Kf8 29. Kf3 Re6 30. Rc8+ Re8 31. Rxe8+ Nxe8 32. Kf4 f6 33. Kf5 Kf7 34. Kf4 1/2-1/2

[Event "Helsingor Xtracon op"]
[Site "Helsingor"]
[Date "2016.07.29"]
[Round "8"]
[White "Saltvedt, Martin"]
[Black "Rogacewicz, Mikolaj"]
[Result "1/2-1/2"]
[WhiteElo "1935"]
[BlackElo "1551"]
[PlyCount "71"]
[EventDate "2016.07.23"]
[EventType "swiss"]
[EventRounds "10"]
[EventCountry "DEN"]
[SourceTitle "CBM 173 Extra"]
[Source "ChessBase"]
[SourceDate "2016.08.29"]
[SourceVersion "1"]
[SourceVersionDate "2016.08.29"]
[SourceQuality "1"]

1. Nf3 e6 2. c4 Nf6 3. Nc3 d5 4. d4 c6 5. Bg5 h6 6. Bh4 a6 7. e3 dxc4 8. Bxc4 b5 9. Bd3 Nbd7 10. 0-0 Be7 11. Rc1 Bb7 12. Bb1 Rc8 13. Qe2 0-0 14. Rfd1 Nb6 15. Qd3 g6 16. Ne5 Qe8 17. f4 Nbd7 18. Rf1 c5 19. Qe2 Nxe5 20. fxe5 Nd7 21. Bg3 Nb6 22. Ne4 Bd5 23. Qg4 Nc4 24. Bf4 Bxe4 25. Bxe4 Kg7 26. Rc2 Qd8 27. b3 Na3 28. Rcf2 h5 29. Qd1 c4 30. d5 exd5 31. Bxd5 c3 32. e6 c2 33. Qa1+ Bf6 34. Be5 Bxe5 35. Qxe5+ f6 36. Qb2 1/2-1/2

[Event "Politiken Cup 37th"]
[Site "Helsingor"]
[Date "2015.08.01"]
[Round "9"]
[White "Saltvedt, Martin"]
[Black "Kristensen, Lars Ostergaard"]
[Result "1-0"]
[WhiteElo "1864"]
[BlackElo "1675"]
[PlyCount "127"]
[EventDate "2015.07.25"]
[EventType "swiss"]
[EventRounds "10"]
[EventCountry "DEN"]
[SourceTitle "CBM 167 Extra"]
[Source "ChessBase"]
[SourceDate "2015.09.14"]
[SourceVersion "1"]
[SourceVersionDate "2015.09.14"]
[SourceQuality "1"]

1. d4 d5 2. Nf3 Nf6 3. Bg5 e6 4. e3 h6 5. Bh4 Bd7 6. Bd3 Be7 7. Nbd2 Nc6 8. c3 0-0 9. 0-0 Rc8 10. Bg3 Bd6 11. Ne5 Be8 12. f4 Ne7 13. Bh4 Nf5 14. Bf2 Be7 15. c4 Nd6 16. Qf3 c6 17. c5 Nde4 18. Nxe4 dxe4 19. Bxe4 Nxe4 20. Qxe4 Qd5 21. Qc2 f5 22. Be1 Bh5 23. h3 Bf6 24. Nd3 g5 25. Bg3 g4 26. Nb4 Qd8 27. Qc4 Bf7 28. Qe2 gxh3 29. gxh3 Kh8 30. Kh2 Rg8 31. Rg1 Rg6 32. Nd3 Qe7 33. Ne5 Bxe5 34. fxe5 Rcg8 35. Qf2 Qd7 36. Qf4 Qd5 37. a3 Kh7 38. Rae1 Qb3 39. Rg2 R6g7 40. Reg1 Qd5 41. Qh4 Qd8 42. Qf6 Qf8 43. Bf4 Rxg2+ 44. Rxg2 Rxg2+ 45. Kxg2 Qg7+ 46. Kf2 Qf8 47. Bxh6 Qxh6 48. Qxf7+ Qg7 49. Qxe6 Qg5 50. Qf7+ Kh6 51. Qf8+ Kh7 52. Qf7+ Kh6 53. e6 Qh4+ 54. Ke2 Qxh3 55. Qf6+ Kh7 56. Qg5 Qh2+ 57. Kd3 Qxb2 58. Qxf5+ Kh6 59. Ke4 Qg2+ 60. Ke5 Qd5+ 61. Kf6 Qd8+ 62. Kf7 Qc7+ 63. e7 Qg3 64. Qf4+ 1-0

[Event "Politiken Cup 36th"]
[Site "Helsingor"]
[Date "2014.07.28"]
[Round "9"]
[White "Saltvedt, Martin"]
[Black "Strachan, Christian C"]
[Result "1-0"]
[WhiteElo "1779"]
[BlackElo "1918"]
[PlyCount "77"]
[EventDate "2014.07.21"]
[EventType "swiss"]
[EventRounds "10"]
[EventCountry "DEN"]
[SourceTitle "CBM 161 Extra"]
[Source "ChessBase"]
[SourceDate "2014.08.29"]
[SourceVersion "1"]
[SourceVersionDate "2014.08.29"]
[SourceQuality "1"]

1. d4 d5 2. c4 c6 3. Nc3 Nf6 4. Nf3 a6 5. Bg5 Ne4 6. Nxe4 dxe4 7. Nd2 Qxd4 8. Qc2 Bf5 9. Be3 Qe5 10. g3 Nd7 11. Bg2 e6 12. Bxe4 Bxe4 13. Nxe4 Bb4+ 14. Nd2 0-0 15. 0-0 Nf6 16. Nf3 Qa5 17. Rfd1 Rfd8 18. a3 Be7 19. Qb3 Rxd1+ 20. Rxd1 b5 21. Nd4 Qc7 22. Rc1 Qb7 23. cxb5 cxb5 24. Nc6 Bf8 25. Na5 Qd5 26. Qc2 Qd8 27. b4 Nd5 28. Bd2 h5 29. e4 Ne7 30. Be3 Rc8 31. Bc5 Ng6 32. Nb3 Ne5 33. Qe2 g6 34. Rd1 Qc7 35. Bxf8 Kxf8 36. Nc5 Qc6 37. Qb2 Nc4 38. Qf6 Nd6 39. Nxe6+ 1-0

[Event "Politiken Cup 36th"]
[Site "Helsingor"]
[Date "2014.07.27"]
[Round "8"]
[White "Aabling Thomsen, Jakob"]
[Black "Saltvedt, Martin"]
[Result "1-0"]
[WhiteElo "2333"]
[BlackElo "1779"]
[PlyCount "71"]
[EventDate "2014.07.21"]
[EventType "swiss"]
[EventRounds "10"]
[EventCountry "DEN"]
[SourceTitle "CBM 161 Extra"]
[Source "ChessBase"]
[SourceDate "2014.08.29"]
[SourceVersion "1"]
[SourceVersionDate "2014.08.29"]
[SourceQuality "1"]

1. e4 c5 2. Nf3 d6 3. Bb5+ Bd7 4. Bxd7+ Nxd7 5. 0-0 g6 6. c3 Ngf6 7. Re1 Bg7 8. d4 cxd4 9. cxd4 Qb6 10. Nc3 0-0 11. h3 e5 12. d5 a6 13. Qe2 Qc7 14. Be3 b5 15. Rec1 Qb7 16. Nd2 Nh5 17. g3 f5 18. exf5 Rxf5 19. Nde4 Bf8 20. Qd2 Nhf6 21. g4 Nxe4 22. Nxe4 Rf7 23. Rc6 Nf6 24. Nxf6+ Rxf6 25. Rac1 Rf7 26. Qa5 Be7 27. Qc7 Qxc7 28. Rxc7 Bd8 29. Rc8 Rxc8 30. Rxc8 Rf8 31. Bh6 Re8 32. Bg5 Bxg5 33. Rxe8+ Kf7 34. Ra8 Ke7 35. Ra7+ Kf6 36. Rxa6 1-0

[Event "Politiken Cup 36th"]
[Site "Helsingor"]
[Date "2014.07.23"]
[Round "4"]
[White "Lien, Kjell Hakon"]
[Black "Saltvedt, Martin"]
[Result "1-0"]
[WhiteElo "2022"]
[BlackElo "1779"]
[PlyCount "89"]
[EventDate "2014.07.21"]
[EventType "swiss"]
[EventRounds "10"]
[EventCountry "DEN"]
[SourceTitle "CBM 161 Extra"]
[Source "ChessBase"]
[SourceDate "2014.08.29"]
[SourceVersion "1"]
[SourceVersionDate "2014.08.29"]
[SourceQuality "1"]

1. c4 Nf6 2. g3 c6 3. Bg2 d5 4. b3 g6 5. Bb2 Bg7 6. Nf3 0-0 7. 0-0 Nbd7 8. d4 Re8 9. Nc3 a6 10. Nd2 Nb6 11. e4 dxe4 12. Ndxe4 Nxe4 13. Nxe4 Bf5 14. f4 Qc7 15. Qe2 Rad8 16. Rad1 Nc8 17. Nf2 h5 18. Rfe1 Nd6 19. Rd2 b5 20. c5 Nb7 21. b4 Be6 22. a3 Bd5 23. f5 Bxg2 24. Kxg2 Rd5 25. fxg6 fxg6 26. Qe6+ Kh7 27. Nh3 Nd8 28. Qe4 Nf7 29. Rf2 Nh6 30. Nf4 Rf5 31. Ne6 Rxf2+ 32. Kxf2 Qd7 33. Nxg7 Rf8+ 34. Kg2 Kxg7 35. d5+ Kh7 36. Qxe7+ Rf7 37. Qxd7 Rxd7 38. dxc6 Rc7 39. Bf6 Nf5 40. Re6 Kg8 41. Be5 Re7 42. c7 Rxe6 43. c8Q+ Kf7 44. Bf4 Ne7 45. Qd7 1-0

[Event "NOR-ch U12"]
[Site "Oslo"]
[Date "2011.11.??"]
[Round "2"]
[White "Kvendseth, Cornelius"]
[Black "Saltvedt, Martin"]
[Result "0-1"]
[WhiteElo "1303"]
[BlackElo "1237"]
[PlyCount "36"]
[EventDate "2011.11.25"]
[EventType "swiss"]
[EventRounds "7"]
[EventCountry "NOR"]
[SourceTitle "EXT 2024"]
[Source "ChessBase"]
[SourceDate "2023.10.10"]
[SourceVersion "1"]
[SourceVersionDate "2023.10.10"]
[SourceQuality "1"]

1. e4 e5 2. Nf3 Nc6 3. d4 exd4 4. Bc4 Bc5 5. c3 dxc3 6. Qd5 Qe7 7. Ng5 Ne5 8. Nxc3 Nf6 9. Qd1 Nxc4 10. 0-0 0-0 11. Qc2 h6 12. Nf3 d6 13. Re1 Ne5 14. Nd2 Nfg4 15. Rf1 Qh4 16. h3 Nxf2 17. Nb3 Nxh3+ 18. Kh1 Ng5# 0-1